Dẫn luận ngữ pháp chức năng

Những vấn đề về thành tố, ngữ pháp chức năng của cú pháp, cụm từ và các đoạn, cụm từ phức và các đoạn phức, ngữ điệu và nhịp, liên kết và ngôn bản, các phương thức thể hiện ẩn dụ

Bewaard in:
Bibliografische gegevens
Hoofdauteur: Halliday, M. A. K.
Andere auteurs: Hoàng Văn Vân (Dịch)
Formaat: Boek
Taal:Vietnamese
Editie:Ấn phẩm lần thứ 2
Onderwerpen:
Tags: Voeg label toe
Geen labels, Wees de eerste die dit record labelt!
Thư viện lưu trữ: Mạng thư viện Đại học Đà Nẵng
LEADER 01441nam a2200361 4500
001 000007714
003 3877
005 20121009101022.0
008 111011s viesd
020 |c 75000đ 
041 0 |a vie 
082 |a 415  |b HA-M 
100 0 |a Halliday, M. A. K. 
245 0 |a Dẫn luận ngữ pháp chức năng  |c Halliday, M. A. K; Hoàng Văn Vân dịch 
250 |a Ấn phẩm lần thứ 2  |b Tái bản lần thứ 6 
300 |c 19 cm 
500 |a Dịch từ nguyên bản tiếng Anh: An introduction to Functional Grammar 
520 |a Những vấn đề về thành tố, ngữ pháp chức năng của cú pháp, cụm từ và các đoạn, cụm từ phức và các đoạn phức, ngữ điệu và nhịp, liên kết và ngôn bản, các phương thức thể hiện ẩn dụ 
653 |a Ngôn ngữ học 
653 |a Cú pháp 
653 |a Ngữ pháp 
653 |a Tài liệu tham khảo 
700 |a Hoàng Văn Vân  |e Dịch 
OWN |a LSP 
AVA |a UDN50  |b LSP  |d 415 HA-M  |e check_holdings  |t Error 5003 Not defined in file expand_doc_bib_avail.  |h N  |k 1 
999 |a From the UDN01 
AVA |a UDN50  |b LSP  |d 415 HA-M  |e available  |t Error 5001 Not defined in file expand_doc_bib_avail.  |f 20  |g 2  |h N  |i 12  |k 1 
TYP |a Monograph 
TYP |a Printed language 
980 |a Mạng thư viện Đại học Đà Nẵng